00626nam a22001575i 4500001000700000003000900007005001700016008004100033040002000074100005400094245013800148260005200286300002700338650003000365852007300395153602ES-MaACL20250929063220.0960202s1770 fr |||| | fre d aCYL bspa cCYL1 aDurand de Maillane, Pierre Toussaint, d1729-181410aHistoire du Droit Canon b: pour servir d'introduction à l'étude du Droit Canonique / cpar M. Durant, Co-Seigneur de Maillane... aA Lyon : bchez Jean-Marie Bruyset ..., c1770. aVIII, 540 p. ; c12º. 7aDerecho canónico2embne aES-MaACLjR-492 z Enc. pasta con hierrosd Olim: D-448 cDEPO